| 000 | 00379nam a22001577a 4500 | ||
|---|---|---|---|
| 003 | SGT | ||
| 020 | _a978-8184487428 | ||
| 082 |
_a617.632 _bE10A |
||
| 100 | _aAsnani K.H | ||
| 245 | _aEssentials Of Pediatric Dentistry | ||
| 250 | _a1st | ||
| 260 |
_aNEW DELHI _bJaypee Brothers Medical Publishers _c2010 |
||
| 300 | _a1-245 | ||
| 650 | _aPediatric Dentistry | ||
| 942 |
_2ddc _cBK |
||
| 999 |
_c20870 _d20870 |
||